000 00622nam a2200229Ia 4500
003 OSt
005 20220926045436.0
006 a|||||r|||| 00| 0
007 ta
008 220923b |||||||| |||| 00| 0 eng d
037 _cGeneral Book
040 _aRTL
_cRTL
_beng
041 _2eng
_aeng
082 _aX93.2s, GD
110 _aIndia, Central Statistical Organisation
_9245891
245 0 _aTransactions of the Public sector
260 _c1983
300 _a209 p
_ccm.
700 _aIndia, Central Statistical Organisation
_9245892
942 _hX93.2s, GD
_cGB
_2CC
999 _c677604
_d677604